• 首页
  • 本馆介绍
  • 公告通知
  • 最新文献
  • 馆藏检索
  • 电子资源
  • 读者导购
  • 参考咨询
  • 我的图书馆
  • 登录
  • 详细信息显示
  • 放入我的书架
  • 预约/预借图书
  • 作者相关作品
  • 分类相关作品
  • 丛书相关作品
  • 出版社相关作品

书目信息

  • 表格格式
  • 工作单格式
  • 卡片格式
题名:
摄影艺术欣赏
    
 
作者: 朱羽君 , 刘书亮 编著
分册:  
出版信息: 上海   上海教育出版社  1988.9
页数: 225页
开本: 19cm
丛书名: 中学生文库
单 册:
中图分类: J430.2 , Z228
科图分类:
主题词: 摄影艺术--鉴赏--世界--中学--课外读物 , 百科全书--中国
电子资源:
ISBN: 7-5320-0655-7
000 00872oam2 2200277 450
001 1553230008
005 20151110181901.45
010    @a7-5320-0655-7@dCNY2.05
100    @a20130329d1988 m y0chiy0110 ea
101 0  @achi
102    @aCN@b310000
105    @ay z 000yy
200 1  @a摄影艺术欣赏@9she ying yi shu xin shang@f朱羽君,刘书亮编著
210    @a上海@c上海教育出版社@d1988.9
215    @a225页@d19cm
225 2  @a中学生文库
330    @a本书选评了64幅中外摄影家的优秀作品,介绍了一些摄影作品欣赏方面的知识和摄影创作的基本方法。
461  0 @12001 @a中学生文库
606 0  @a摄影艺术@x鉴赏@y世界@x中学@x课外读物
606 0  @a百科全书@x中国
690    @aJ430.2@v1980
690    @aZ228@v4
701  0 @a朱羽君@9zhu yu jun@c(女,@f1937~)@4编著
701  0 @a刘书亮@9liu shu liang@4编著
801  0 @aCN@bTSSF@c20150121
905    @aZUCC@dZ228@eJY1:10:7
    
    摄影艺术欣赏/朱羽君,刘书亮编著.-上海:上海教育出版社,1988.9
    225页;19cm.-(中学生文库)
    
    
    ISBN 7-5320-0655-7:CNY2.05
    本书选评了64幅中外摄影家的优秀作品,介绍了一些摄影作品欣赏方面的知识和摄影创作的基本方法。
●
相关链接 在E读中查询图书 在五车中查询图书 在当当中查询图书 在豆瓣中查询图书


正题名:摄影艺术欣赏     索取号:Z228/JY1:10:7         预约/预借

序号 登录号 条形码 馆藏地/架位号 状态 备注
1 7840325   278403256   学院路分馆/ [索取号:Z228/JY1:10:7] 在馆    
2 7840333   278403336   学院路分馆/ [索取号:Z228/JY1:10:7] 在馆    
唐山师范学院图书馆 欢迎您!
大连网信软件有限公司© 版权所有